Вредные вещества в окружающей среде; Элементы I и IV групп периодической системы и их неорганические соединения: справочно-энциклопедическое издание

Detalhes bibliográficos
Autor Corporativo: Российская академия естественных наук (РАЕН)
Outros Autores: Филов В. А. (редактор)
Resumo:В издании приведены сведения о физико-химических свойствах, получении и применении элементов I—IV групп периодической системы и их неорганических соединений, которые могут загрязнять окружающую среду. Перечислены источники загрязнения, по возможности охарактеризована миграция загрязнителей в окружающей среде. Дана их токсикологическая и санитарно-гигиеническая характеристика. Описано токсическое действие, указаны методы определения в разных средах, меры профилактики и средства защиты. Приведены предельно допустимые уровни в разных средах. Для токсикологов, врачей, химиков разного профиля, работников санитарно-гигиенических служб и лиц, ответственных за гигиену труда, технику безопасности и охрану среды.
Idioma:russo
Publicado em: СПб., Профессионал, 2005
Assuntos:
Formato: Livro
KOHA link:https://koha.lib.tpu.ru/cgi-bin/koha/opac-detail.pl?biblionumber=147423

MARC

LEADER 00000nam0a2200000 4500
001 147423
005 20231101221307.0
010 |a 5983710311 
035 |a (RuTPU)RU\TPU\book\159795 
090 |a 147423 
100 |a 20081113d2005 km y0rusy50 ca 
101 0 |a rus 
102 |a RU 
105 |a y fg 001zy 
200 1 |a Вредные вещества в окружающей среде  |a  Элементы I и IV групп периодической системы и их неорганические соединения  |e справочно-энциклопедическое издание  |f Российская академия естественных наук (РАЕН) ; под ред. В. А. Филова 
210 |a СПб.  |c Профессионал  |d 2005 
215 |a 462 с. 
320 |a Предметный указатель: с. 445-461. 
330 |a В издании приведены сведения о физико-химических свойствах, получении и применении элементов I—IV групп периодической системы и их неорганических соединений, которые могут загрязнять окружающую среду. Перечислены источники загрязнения, по возможности охарактеризована миграция загрязнителей в окружающей среде. Дана их токсикологическая и санитарно-гигиеническая характеристика. Описано токсическое действие, указаны методы определения в разных средах, меры профилактики и средства защиты. Приведены предельно допустимые уровни в разных средах. Для токсикологов, врачей, химиков разного профиля, работников санитарно-гигиенических служб и лиц, ответственных за гигиену труда, технику безопасности и охрану среды. 
606 1 |a Окружающая среда  |x Загрязнения  |x (экология)  |2 stltpush  |3 (RuTPU)RU\TPU\subj\67948  |9 83532 
606 1 |a Неорганические вещества  |2 stltpush  |3 (RuTPU)RU\TPU\subj\74827  |9 86808 
610 1 |a экология 
610 1 |a химия 
610 1 |a периодическая система 
610 1 |a химические соединения 
610 1 |a водород 
610 1 |a литий 
610 1 |a натрий 
610 1 |a калий 
610 1 |a рубидий 
610 1 |a цезий 
610 1 |a медь 
610 1 |a серебро 
610 1 |a золото 
610 1 |a бериллий 
610 1 |a магний 
610 1 |a кальций 
610 1 |a стронций 
610 1 |a барий 
610 1 |a цинк 
610 1 |a кадмий 
610 1 |a ртуть 
610 1 |a бор 
610 1 |a алюминий 
610 1 |a галлий 
610 1 |a индий 
610 1 |a торий 
610 1 |a уран 
610 1 |a углерод 
610 1 |a кремний 
610 1 |a германий 
610 1 |a олово 
610 1 |a свинец 
610 1 |a титан 
610 1 |a цирконий 
610 1 |a гафний 
610 1 |a физико-химические свойства 
610 1 |a неорганические соединения 
610 1 |a источники загрязнения 
610 1 |a санитарно-гигиенические характеристики 
610 1 |a справочные издания 
610 1 |a энциклопедические издания 
610 1 |a токсикология 
610 1 |a медицина 
610 1 |a химия 
610 1 |a гигиена труда 
610 1 |a техника безопасности 
610 1 |a окружающая среда 
610 1 |a охрана 
675 |a 504.05(03)  |v 3 
675 |a 546(03)  |v 3 
702 1 |a Филов  |b В. А.  |4 340 
712 0 2 |a Российская академия естественных наук (РАЕН)  |2 stltpush  |3 (RuTPU)RU\TPU\col\138 
801 1 |a RU  |b 63413507  |c 20081113  |g PSBO 
801 2 |a RU  |b 63413507  |c 20171010  |g PSBO 
942 |c BK 
959 |a 110/20081112  |d 1  |e 3660,00  |f ЧЗТЛ:1 
959 |a 34/20090310  |d 1  |e 1980,00  |f ЧЗТЛ:1